|
|
|
|
| LEADER |
01734nam a2200421 a 4500 |
| 001 |
nkc20102106064 |
| 003 |
CZ PrNK |
| 005 |
20100720085358.0 |
| 007 |
ta |
| 008 |
100512s2010 xr a e p 000 0 cze |
| 015 |
|
|
|a cnb002106064
|
| 020 |
|
|
|a 978-80-245-1646-2
|q (brož.) :
|c Kč 166,00
|
| 035 |
|
|
|a (OCoLC)649802427
|
| 040 |
|
|
|a OLA001
|b cze
|d ABA001
|
| 072 |
|
7 |
|a 519.1/.8
|x Kombinatorika. Teorie grafů. Matematická statistika. Operační výzkum. Matematické modelování
|2 Konspekt
|9 13
|
| 072 |
|
7 |
|a 37.016
|x Učební osnovy. Vyučovací předměty. Učebnice
|2 Konspekt
|9 22
|
| 080 |
|
|
|a 519.216
|2 MRF
|
| 080 |
|
|
|a (075.8)
|2 MRF
|
| 100 |
1 |
|
|a Kořenář, Václav,
|d 1944-
|7 jo2002106609
|4 aut
|
| 245 |
1 |
0 |
|a Stochastické procesy /
|c Václav Kořenář
|
| 250 |
|
|
|a 2., přeprac. vyd.
|
| 260 |
|
|
|a Praha :
|b Oeconomica,
|c 2010
|
| 300 |
|
|
|a 228 s. :
|b il. ;
|c 21 cm
|
| 500 |
|
|
|a Nad názvem: Vysoká škola ekonomická v Praze, Fakulta informatiky a statistiky
|
| 500 |
|
|
|a 250 výt.
|
| 504 |
|
|
|a Obsahuje bibliografii
|
| 521 |
8 |
|
|a Určeno pro inženýrské studium na VŠE v Praze
|
| 650 |
0 |
7 |
|a stochastické procesy
|7 ph116285
|2 czenas
|
| 650 |
0 |
9 |
|a stochastic processes
|2 eczenas
|
| 655 |
|
7 |
|a učebnice vysokých škol
|7 fd133772
|2 czenas
|
| 655 |
|
9 |
|a textbooks (higher)
|2 eczenas
|
| 710 |
2 |
|
|a Vysoká škola ekonomická v Praze.
|b Fakulta informatiky a statistiky
|7 kn20010709399
|
| 856 |
4 |
1 |
|u http://www.digitalniknihovna.cz/mzk/uuid/uuid:76942270-5aa9-11e4-8b11-005056827e51
|y Digitalizovaný dokument
|x NDK
|
| 910 |
2 |
|
|a BOA001
|b 2-1244.552
|
| 990 |
|
|
|a BK
|
| 995 |
|
|
|a 01
|
| 991 |
|
|
|b 201007
|c NOV
|
| 996 |
6 |
|
|b 2610440353
|c 2-1244.552
|l MZK
|r Sklad / do 1 hodiny
|n 6
|p p.v.
|w 001127081
|u 000010
|a 1
|e BOA001
|j MZK50
|s P
|